000
00332 a2200157 4500
001
75442
020
_a
9788510064705
040
_c
Anchieta - Colégio São Paulo
100
_a
Logen, Adilson
240
1
0
_a
Matemática:
_l
por
245
1
0
_a
Matemática:
300
_a
288
362
0
_a
2016
650
4
_a
Matemática
942
_c
BK
999
_c
75442
_d
75442